00470nam a22001697a 450000500170000001000150001702000260003203500130005803700130007108200150008410000160009924500620011526000310017727000520020830000210026050000190028120140908151116.0 aENG-110734 a9789380184746c800.00 aEN-94266 bDBAD/PUB a305.420954 aTyagi, S.B. aFundamental aspects of women empowerment /cby S.B. Tyagi aNew DelhibALP Booksc2011 a7/33, Ansari Road, DaryaganjbNew Delhie110002 a271p. c22cm(Hb) aIncludes index